Normal view
MARC view
- المياة-تنقية
Entry Topical Term
001 - CONTROL NUMBER
- control field: 51488
003 - CONTROL NUMBER IDENTIFIER
- control field: JO-AjAnu
005 - DATE AND TIME OF LATEST TRANSACTION
- control field: 20230606082453.0
008 - FIXED-LENGTH DATA ELEMENTS
- fixed length control field: 230606|| aca||aabn | a|a d
040 ## - CATALOGING SOURCE
- Original cataloging agency: JO-AjAnu
- Transcribing agency: JO-AjAnu
150 ## - HEADING--TOPICAL TERM
- Topical term or geographic name entry element: المياة-تنقية
670 ## - SOURCE DATA FOUND
- Source citation: Work cat.: (JO-AjAnu)26317: السرو، احمد, author 51487, العمليات الاساسية لتنقية مياة الشرب =Basic Processes for Drinking Water Purification